| 000 | 01018cam a22002774a 4500 | ||
|---|---|---|---|
| 001 | 12511637 | ||
| 003 | ARRUPE | ||
| 005 | 20150417114344.0 | ||
| 008 | 010823s2002 maua b 001 0 eng | ||
| 010 | _a 2001043556 | ||
| 020 | _a0674006135 (alk. paper) | ||
| 040 |
_aDLC _cDLC _dDLC |
||
| 042 | _apcc | ||
| 050 | 0 | 0 |
_aQH366.2 _b.G663 2002 |
| 082 | 0 | 0 |
_a576.8 _221 |
| 100 | 1 |
_aGould, Stephen Jay. _95048 |
|
| 245 | 1 | 4 |
_aThe structure of evolutionary theory / _cStephen Jay Gould. |
| 260 |
_aCambridge, Mass. : _bBelknap Press of Harvard University Press, _c2002. |
||
| 300 |
_axxii, 1433 p. : _bill. ; _c26 cm. |
||
| 504 | _aIncludes bibliographical references (p. 1344-1387) and index. | ||
| 650 | 0 |
_aEvolution (Biology) _910545 |
|
| 650 | 0 |
_aPunctuated equilibrium (Evolution) _916229 |
|
| 906 |
_a7 _bcbc _corignew _d1 _eocip _f20 _gy-gencatlg |
||
| 942 |
_2lcc _cMONOGRAPH |
||
| 999 |
_c122409 _d122409 |
||